000 00455nam a2200181Ia 4500
008 240729s9999 xx 000 0 und d
022 _a2624-862X
245 0 _aDairy
260 _aSwitzerland
260 _bMDPI AG
650 _a Animal culture
650 _a Cattle
650 _a Dairy processing. Dairy products
650 _aAgriculture
856 _uhttps://doaj.org/toc/87daaaed01d64af2a9aa18151b04048a
942 _2ddc
942 _cDOAJEJ
999 _c74358
_d74358
945 _a1
_bMadushi Gamage
_c1
_dMadushi Gamage